LINEAR INTEGRATED CIRCUITS (Record no. 9882)
[ view plain ]
| 000 -LEADER | |
|---|---|
| fixed length control field | 00671nam a22001697a 4500 |
| 003 - CONTROL NUMBER IDENTIFIER | |
| control field | SGT |
| 020 ## - INTERNATIONAL STANDARD BOOK NUMBER | |
| International Standard Book Number | 9788122430981 |
| 082 ## - DEWEY DECIMAL CLASSIFICATION NUMBER | |
| Classification number | 621.38153,CHO |
| 100 ## - MAIN ENTRY--PERSONAL NAME | |
| Personal name | CHOUDHURY,ROY |
| 245 ## - TITLE STATEMENT | |
| Title | LINEAR INTEGRATED CIRCUITS |
| 250 ## - EDITION STATEMENT | |
| Edition statement | 4TH |
| 260 ## - PUBLICATION, DISTRIBUTION, ETC. (IMPRINT) | |
| Place of publication, distribution, etc | NEW DELHI |
| Name of publisher, distributor, etc | NEW AGE INTERNATIONAL PUBLISHERS |
| Year of Publication | 2015 |
| 300 ## - PAGE DESCRIPTION | |
| No. of Pages | 384 |
| 650 ## - SUBJECT ADDED ENTRY--TOPICAL TERM | |
| Topical term or geographic name as entry element | ELECTRONICS,PHYSICS |
| 653 ## - KEYWORDS--INDEX TERM | |
| Keyword term | • INTEGRATED CIRCUIT FABRICATION • OPERATIONAL AMPLIFIER • OPERATIONAL AMPLIFIER CHARACTERISTICS • OPERATIONAL AMPLIFIER APPLICATIONS • COMPARATORS AND WAVEFORM GENERATORS • VOLTAGE REGULATOR • ACTIVE FILTERS • 555 TIMER • PHASE-LOCKED LOOPS • D-A AND A-D CONVERTER |
| 942 ## - ADDED ENTRY ELEMENTS (KOHA) | |
| Source of classification or shelving scheme | Dewey Decimal Classification |
| Koha item type | FPS Books |
| Withdrawn status | Lost status | Source of classification or shelving scheme | Damaged status | Not for loan | Collection code | Home library | Current library | Shelving location | Date acquired | Vendor Name | Cost, normal purchase price | SGTU | Bill Number | Total Checkouts | Full call number | Accession No. (Barcode) | Date last seen | Bill Date | Koha item type |
|---|---|---|---|---|---|---|---|---|---|---|---|---|---|---|---|---|---|---|---|
| Dewey Decimal Classification | SCIENCE | SGT Science & Social Sciences Library | SGT Science & Social Sciences Library | Text Book | 09/09/2016 | AHUJA BOOK | 350.00 | SGTU | 7132 | 621.38153,CHO | PS2309 | 09/09/2016 | 08/08/2016 | FPS Books | |||||
| Dewey Decimal Classification | Not For Loan | SCIENCE | SGT Science & Social Sciences Library | SGT Science & Social Sciences Library | Reference Book | 09/09/2016 | AHUJA BOOK | 350.00 | SGTU | 7132 | 621.38153,CHO | PS2310 | 09/09/2016 | 08/08/2016 | FPS Books | ||||
| Dewey Decimal Classification | SCIENCE | SGT Science & Social Sciences Library | SGT Science & Social Sciences Library | Text Book | 09/09/2016 | AHUJA BOOK | 350.00 | SGTU | 7132 | 621.38153,CHO | PS2311 | 09/09/2016 | 08/08/2016 | FPS Books |